Normal view
MARC view
- Germany
Entry Geographic Name
001 - CONTROL NUMBER
- control field: 105257
003 - CONTROL NUMBER IDENTIFIER
- control field: NUST
005 - DATE AND TIME OF LATEST TRANSACTION
- control field: 20221220093354.0
008 - FIXED-LENGTH DATA ELEMENTS
- fixed length control field: 221220|| aca||aabn | a|a d
040 ## - CATALOGING SOURCE
- Original cataloging agency: NUST
- Transcribing agency: NUST
151 ## - HEADING--GEOGRAPHIC NAME
- Geographic name: Germany
- General subdivision: History
- Chronological subdivision: 1933-1945
670 ## - SOURCE DATA FOUND
- Source citation: Work cat.: (NUST)185048: Shirer, William L. 105256, The rise and fall of the Third Reich, A history of Nazi Germany / , c1990.
